Quick Pick: Movies of 2018 Quiz Stats

 Plays Quiz Updated Mar 8, 2019

Score 0/20 Timer 01:00
2 Plays Today
% Correct
Again
91.2%
Bohemian
90.8%
Star
90.8%
Raider
89.7%
Mission
89.5%
Eight
87.9%
Internet
85.8%
Panther
85.1%
Asians
85.1%
Runner
84.3%
% Correct
Wasp
81.7%
Quiet
81.6%
Solo
81%
Box
80.5%
Pretty
80.2%
Infinity
78.8%
Player
78.2%
Grindelwald
77.8%
Fallen
75.9%
Cloverfield
60.4%

Today's Daily Dose

Missing Word
Sherlocks

Word Ladder
King of the Hill

Quick Pick
Songs in Pink

Get the Picture
NBA Teammates

You're not logged in!

Compare scores with friends on all Sporcle quizzes.
OR
Log In

Sporcle TV

Today on Sporcle TV


Watch our educational content, quiz creation guides, and fun videos on Sporcle TV.

Show Comments

Extras

Top Quizzes Today


Score Distribution

Your Account Isn't Verified!

In order to create a playlist on Sporcle, you need to verify the email address you used during registration. Go to your Sporcle Settings to finish the process.

Report this User

Report this user for behavior that violates our Community Guidelines.

Details: